La raza (Record no. 105421)

MARC details
000 -LEADER
campo de control de longitud fija 00760nam a2200229 i 4500
001 - NÚMERO DE CONTROL
campo de control 105421
003 - IDENTIFICADOR DE NÚMERO DE CONTROL
campo de control ES-MaACL
007 - CAMPO FIJO DE DESCRIPCIÓN FÍSICA--INFORMACIÓN GENERAL
campo de control de longitud fija t|
008 - DATOS DE LONGITUD FIJA--INFORMACIÓN GENERAL
campo de control de longitud fija 060710s1972 fr ||||1| fre d
080 ## - NÚMERO DE LA CLASIFICACIÓN DECIMAL UNIVERSAL
Número de la Clasificación Decimal Universal 930.85(=1.72:73)
100 1# - ENTRADA PRINCIPAL--NOMBRE DE PERSONA
Nombre de persona Steiner, Stan.
9 (RLIN) 108060
245 13 - MENCIÓN DEL TÍTULO
Título La raza
Resto del título : la révolte des indiens du sud des Etats-Unis /
Mención de responsabilidad, etc. Stan Steiner ; traduit de l'anglais par Martine Wiznitzer.
260 ## - PUBLICACIÓN, DISTRIBUCIÓN, ETC.
Lugar de publicación, distribución, etc. Paris :
Nombre del editor, distribuidor, etc. François Maspero,
Fecha de publicación, distribución, etc. 1972.
300 ## - DESCRIPCIÓN FÍSICA
Extensión 376 p. ;
Dimensiones 22 cm.
490 1# - MENCIÓN DE SERIE
Mención de serie Cahiers libres ;
Designación de volumen o secuencia 228-229
500 ## - NOTA GENERAL
Nota general Biblioteca Juan Andrade.
650 14 - PUNTO DE ACCESO ADICIONAL DE MATERIA--TÉRMINO DE MATERIA
Término de materia o nombre geográfico como elemento de entrada Chicanos-
Subdivisión general Civilización.
9 (RLIN) 10917
700 1# - ENTRADA AGREGADA--NOMBRE PERSONAL
Nombre de persona Wiznitzer, Martine.
9 (RLIN) 117200
830 0# - PUNTO DE ACCESO ADICIONAL DE SERIE-TÍTULO UNIFORME
Título uniforme Cahiers libres ;
Designación de volumen o secuencia 228-229
9 (RLIN) 185022
852 ## - LOCALIZACIÓN
Ubicación ES-MaACL
Número de control de estantería AND-216
Sublocalización o colección R.109536
Holdings
Estatus retirado Estado de pérdida Estado de daño No para préstamo Biblioteca de origen Biblioteca actual Ubicación en estantería Fecha de adquisición Fuente de adquisición Total de préstamos Signatura topográfica completa Código de barras Visto por última vez Precio de reemplazo Tipo de ítem Koha
        Biblioteca del Ateneo de Madrid Biblioteca del Ateneo de Madrid Depósito 2 17/01/2008     AND-216 1110059 23/02/2023 23/02/2023 Libro impreso